000
00344nam a2200145Ia 4500
008
150301s2014 xx 000 0 und d
082
_a
610.7362
_b
P14D
100
_a
DATTA, PARUL
245
_a
PEDIATRIC NURSING
250
_a
3RD
260
_b
JAYPEE MEDICAL PUB.
_c
2014
300
_a
506
650
_a
PEDIATRIC NURSING
942
_2
ddc
_c
BK
_0
50
999
_c
6842
_d
6842